00621nam a22001937a 450000500170000001000150001702000260003203500130005803500170007103700130008808200060010110000250010724501340013226000380026627000420030430000270034670000310037370000230040420140901163201.0 aENG-107197 a9788125049340c250.00 aEN-90730 aB-512718-721 bDBAD/PUB aN aBandyopadhyay, Manik00aThe boatman of the Padma /cby Manik Bandyopadhyay; translated by Ratan Kumar Chattopadhyay from the Bengali by Padma Nadir Majhi aNew DelhibOrient BlackSwanc2012 aI/24 Asaf Ali RoadbNew Delhie110002 axviii,155p.c22cm(pbk) aChattopadhyay, Ratan Kumar aMajhi, Padma Nadir